000 01428nam a2200373 c 4500
999 _c10918
_d10918
003 BLK
005 20240520114309.0
008 180412b bul|||||r ||||||| ||bul||
010 _aKNG00012432000
020 _a954-17-0105-1
040 _aBLK
041 _aBUL
_cBUL
080 _aАмериканска литература (на САЩ)
_b821.111(73)
_x-311.6
_z821.111(73)-311.6
100 1 _aКланси, Том
_eпърви автор
_979533
139 _aКланси, Том
_bK 63
245 1 0 _aЛовът на "Червения Октомври" : Ч. 1
_bРоман : Ч. 1 - 2
_cТом Кланси; прев. Георги Стойчев; прев. Кирил Кирилов.
_nЧ. 1
257 _aUSA
260 _bКалпазанов
_c1995 - 1996
_fВ. Търново : Абагар
300 _c20 см
380 _aX
490 1 _aПоредица Военен трилър
500 _aОриг. загл. Тhe Hunt for Red October / Tom Clancy. - Офс. изд.
653 _aромани
700 1 _aСтойчев, Георги
_eпрев.
_9363573
700 1 _aКирилов, Кирил
_eпрев.
_9364063
760 1 _aКланси, Том
_d1995
_h236 с.
_tЧ. 1
852 _aЦб 185661
856 4 _qpdf
_u
856 4 _qpdf
_u
942 _cKNG
_n0
_03
944 _aCR
_c15.01.2003
_k30530
_lМинев Младен
944 _aED
_c21.10.2010
999 _d10918